00551 2200169 4500001002100000008004100021035002000062245014100082100001900223260003400242300002100276020001800297084001700315082001100332650002400343990001400367INLIS000000000000239 ind  a0010-0625000031 a1700 Bank Soal Bimbingan Pemantapan Fisika untuk SMA/MA Ringkasan Materi X, XI, dan XIIcAhmad Zaelani; Cucun Cunayah; Etsa Indra Irawan aZaelani, Ahmad aBandung :bYrama Widya,c2006 a576 hlm.c25 cm. a979-543-466-7 a530.76 ZAE s a530.76 aPendidikan - Fisika a000000262